Największe miasta w Niemczech A-Ż - Statystyki

Ogólne statystyki
  • Ten quiz został rozwiązany 21 razy
  • Średni wynik to 13 z 26
Statystyki odpowiedzi
Litera Miasto Ludność % Poprawnych
B Berlin 3.677.472
100%
F Frankfurt nad Menem 759.224
95%
K Kolonia 1.073.096
90%
M Monachium 1.487.708
90%
H Hamburg 1.906.411
86%
D Düsseldorf 619.477
81%
L Lipsk 601.866
81%
N Norymberga 510.432
81%
S Stuttgart 626.275
71%
E Essen 579.432
67%
P Poczdam 183.154
57%
A Augsburg 296.478
52%
J Jena 110.502
52%
R Rostock 208.400
38%
U Ulm 126.949
38%
C Chemnitz 248.645
33%
G Gelsenkirchen 260.126
29%
W Wuppertal 354.572
29%
Ż Żytawa 25.039
29%
I Ingolstadt 138.016
24%
Q Quedlinburg 25.055
14%
T Trewir 110.570
14%
X Xanten 21.510
14%
Z Zwickau 91.066
14%
O Oberhausen 208.752
10%
V Villingen-Schwenningen 89.146
0%
Nie znaleziono quizów pasujących do podanych kryteriów
Rozkład punktacji
Procent ludzi z każdym wynikiem
Percentyl według liczby udzielonych odpowiedzi
Twoja historia wyników
Nie rozwiązałeś tego quizu